banner-ar

WEIHNACHTEN IM WALDE / (Record no. 18063)

MARC details
000 -الفاتح
حقل البيانات ثابتة الطول 00424nam a2200169Ia 4500
040 ## - مصدر الفهرسة
وكالة الفهرسة الأصلية GCL /
وكالة النسخ GCL
082 04 - رقم تصنيف ديوى العشرى
رقم التصنيف CH.
رقم المادة 833.087
-- B W
100 1# - المدخل الرئيسى - إسم شخصى
الإسم الشخصى BIELENBERG. IRMA
245 10 - بيان العنوان
العنوان WEIHNACHTEN IM WALDE /
بيان المسئوليه,etc BIELENBERG. IRMA
700 1# - المدخل الاضافى - اسم شخصى
الإسم الشخصى MAYRL, WILLY
260 ## - PUBLICATION, DISTRIBUTION, ETC. (IMPRINT)
تاريخ النشر أو التوزيع 1971
650 04 - المدخل الاضافى بالموضوع-مصطلح موضوعى
مصطلح موضوعي STUDY AND TEACHING
650 04 - المدخل الاضافى بالموضوع-مصطلح موضوعى
مصطلح موضوعي GERMAN LANGUAGE
650 04 - المدخل الاضافى بالموضوع-مصطلح موضوعى
مصطلح موضوعي CHILDREN
942 ## - عناصر المدخل الإضافي( كوها)
مصدر التصنيف او مخطط الترفيف Dewey Decimal Classification
Koha [default] item type كتاب
260 ## - PUBLICATION, DISTRIBUTION, ETC. (IMPRINT)
-- [S.N] :
-- PESTALOZZI- VERLAG ،
Holdings
حالة التراجع حالة الفقد حالة تلف ليس للاعارة المكان المؤقت الموقع الحالى تاريخ الاكتساب اجمالي اﻻعارات رقم الطلب الباركود تاريخ اخر مشاهدة تاريخ تفعيل السعر نوع وعاء كوها
        مكتبة القاهرة الكبرى مكتبة القاهرة الكبرى 03/26/2014   CH.\833.087\B W 32899 03/26/2014 03/26/2014 كتاب
        مكتبة القاهرة الكبرى مكتبة القاهرة الكبرى 03/26/2014   CH.\833.087\B W 32900 03/26/2014 03/26/2014 كتاب

Powered By

EGPV